00408nam a2200169 a 4500001001300000003000900013005001700022008004100039020000800080082001300088100001500101245002400116260003800140500003500178505001000213700001500223nice12345678IN_TiNIC20260116011807.0050524s0200 luca grp 000 0 eng  ac000a241bLAW aLawis, C S aChristian Behaviour aLucknowbMarkaz-E-Adab Urduc0200 aincludes index and biblioraphy2 aIndex1 aLawis, C S